| 000 | 01167aab a2200193 i 4500 | ||
|---|---|---|---|
| 001 | 768714001 | ||
| 003 | CO-MdFUSB | ||
| 005 | 20240422110447.0 | ||
| 008 | 240411t1985 ag ||||| |||| 00| 0 spa d | ||
| 040 |
_bspa _cCO-MdFUSB |
||
| 041 | _aspa | ||
| 100 | 1 |
_aConn, Harvie M. _eautor |
|
| 245 |
_aServir a Cristo en la ciudad, por razón de la ciudad _c/ Harvie M. Conn |
||
| 300 |
_aVolumen 4, número 2 (junio, 1985), páginas: 56 - 57 _c; 27 cm |
||
| 520 | _aLas ciudades musulmanas continúan enfrentando los mismos problemas que existen en la ciudad en expansión. Bagdad, Kuwait, Damasco y Ammán gobiernan sus propios países. Ciertos urbanitas lo perciben y se refieren a la ciudad como un "parásito". El crecimiento de las metrópolis simultáneamente crea "sobreurbanización", aumentando la industrialización y las necesidades de los pobres y marginados. Ya no son las ciudades puramente musulmanas del pasado. Tampoco están preparados para adoptar una cultura más occidental. | ||
| 650 | 7 |
_aReligión y cultura _9388 |
|
| 773 | 0 |
_tIglesia y Misión _049402 _959687 _gVolumen 4, número 2 (junio, 1985), páginas: 56 - 57 _qpágina: 56 |
|
| 942 | _cANA | ||
| 999 |
_c51582 _d51582 |
||